| 000 | 00852nam a2200241Ia 4500 | ||
|---|---|---|---|
| 003 | OSt | ||
| 005 | 20220918111009.0 | ||
| 006 | a|||||r|||| 00| 0 | ||
| 007 | ta | ||
| 008 | 220915b |||||||| |||| 00| 0 hin d | ||
| 024 | _a208225 | ||
| 037 | _cReference Collections | ||
| 040 |
_aARTS _cARTS _bhin |
||
| 041 |
_2hin _ahin |
||
| 082 | _aP152,4:4k, L8.1-.3(RR) | ||
| 100 | _aनरवणे, विश्वनाथ दिनकर | ||
| 245 | 0 | _aभारतीय कहावत सग्रंह | |
| 246 | _aBhāratīya kahāvat sagranha | ||
| 260 |
_aपुणे _bविश्वनाथ दिनकर नरवणे _c1978 |
||
| 300 | _a96720पृ0 | ||
| 942 |
_hP152,4:4k, L8.1-.3(RR) _cREF |
||
| 999 |
_c116267 _d116267 |
||